000 00547nam a2200169 a 4500
001 000033151
005 20200930070048.0
008 110818s1962 dr 000 0 spa d
040 _aDO-SdBNP
_bspa
_cBNPHU
100 1 _aCordero, Armando
_936629
245 1 0 _aPanorama de la filosofia en Santo Domingo /
_cArmando Cordero.
260 _aSanto Domingo :
_bEditorial la Nación,
_c1962.
300 _a277 p. ;
_c26 cm.
500 _aIncluye índice
590 _aPerteneció a la biblioteca personal de Juan Isidro Jimenes Grullón
049 _aBNPD
999 _c32642
_d32642